Statistiques concernant Le Roi Pelé

Cliquez ici pour prendre le quiz!

Statistiques générales

  • Ce quiz a été pris 94 fois
  • Le résultat moyen est 10 sur 15

Statistiques - réponses

QuestionsRéponse% Correct
Nationalité de PeléBrésilienne
95%
Année de naissance de Pelé1940
90%
Date de sa première coupe du monde1958
81%
Année de mort2022
81%
Raison de sa mortCancer du côlon
74%
Nombre de buts inscrits durant cette coupe du monde6
70%
Date de retraite DÉFINITIVE 1977
64%
Âge qu’il avait17 ans
62%
Ville dans ce trouve ce clubSão Paulo
61%
Ou se jouait elle ?En Suède
57%
Premier club de PeléSantos FC
51%
Lieu de mortSão Paulo
47%
Fonction politique qu’il a occupé au Brésil pendant 4 ansMinistre des sports
45%
Son 2ème clubCosmos New York
43%
Vrai nom de PeléEdson Arantes do Nascimento
36%

Distribution des résultats

Percentile par nombre de réponses

% des personnes avec chaque résultat

Votre développement - résultats

Vous n’avez pas pris ce quiz